000 00934cam a2200277 a 4500
001 3997749
003 OSt
005 20140310181626.0
008 960506s1997 ilua 001 0 eng
010 _a 96018720
020 _a0844258997 (pbk.)
040 _aDLC
_cDLC
_dDLC
050 0 0 _aLB 1047.3
_b.Aq657 2005
082 0 0 _aFIL 808.02
_bAq5 2005
100 1 _aAquino, Gaudencio V.
245 1 0 _aHow to write term papers and reports /
_cGaudencio V. Aquino
250 _a2nd ed.
260 _aLincolnwood, Ill. :
_bVGM Career Horizons,
_c1997.
300 _axi, 233 p. ;
_bill. ;
_c28 cm.
650 0 _aReport writing
856 4 2 _3Publisher description
_uhttp://www.loc.gov/catdir/description/mh051/96018720.html
856 4 2 _3Contributor biographical information
_uhttp://www.loc.gov/catdir/enhancements/fy0737/96018720-b.html
906 _a7
_bcbc
_corignew
_d1
_eocip
_f19
_gy-gencatlg
942 _2lcc
_cBK
999 _c318
_d318